The literary tourist : readers and places in romantic and Victorian Britain /

Bibliografiske detaljer
Hovedforfatter: Watson, Nicola J., 1958-
Format: Bog
Sprog:English
Udgivet: New York : Palgrave Macmillian, 2007.
Fag:
Classic Catalogue: View this record in Classic Catalogue
LEADER 01302nam a2200313 a 4500
001 0017777
003 BD-DhAAL
008 090803s2007 nyu b 001 0 eng d
010 |a  2006044635 
020 |a 9781403999924 (hbk) 
020 |a 1403999929 (hbk) 
020 |a 9780230210929 (pbk) 
020 |a 0230210929 
040 |a DLC  |c DLC  |d DLC  |d BD-DhAAL 
082 0 0 |a 914.10481  |2 22 
100 1 |a Watson, Nicola J.,  |d 1958-  |9 58271 
245 1 4 |a The literary tourist :  |b readers and places in romantic and Victorian Britain /  |c Nicola J. Watson. 
260 |a New York :  |b Palgrave Macmillian,  |c 2007. 
300 |a 244 p. :  |c 22 cm 
504 |a Includes bibliographical references and index. 
526 |a ENH   |x Sohana Manzoor Faculty Member of BRAC University 
541 1 |e 00017777  |a Karim International 
650 0 |a Literary landmarks  |z England.  |9 58272 
650 0 |a Authors, English  |x Homes and haunts  |z England.  |9 58273 
650 0 |a Tourism  |z England.  |9 58274 
852 4 |a Ayesha Abed Library  |c General Stacks 
942 |2 ddc  |c BK 
999 |c 3027  |d 3027 
952 |0 0  |1 0  |2 ddc  |4 0  |6 914_104810000000000_WAT  |7 0  |9 2742  |a BRACUL  |b BRACUL  |c GEN  |d 2009-08-18  |e Karim International  |g 1656.00  |l 0  |o 914.10481 WAT  |p 3010017777  |r 2009-08-18  |t 1  |w 2009-08-18  |y BK  |x Requisitioned by Sohana Manzoor (Faculty member of BRAC University)